A handbook for travellers in Spain / (Record no. 54388)

MARC details
000 -LEADER
campo de control de longitud fija 00857nam a2200241 i 4500
001 - NÚMERO DE CONTROL
campo de control 54388
003 - IDENTIFICADOR DE NÚMERO DE CONTROL
campo de control ES-MaACL
005 - FECHA Y HORA DE LA ÚLTIMA TRANSACCIÓN
campo de control 20251005063043.0
007 - CAMPO FIJO DE DESCRIPCIÓN FÍSICA--INFORMACIÓN GENERAL
campo de control de longitud fija t|
008 - DATOS DE LONGITUD FIJA--INFORMACIÓN GENERAL
campo de control de longitud fija 960719s1855 xxk |||| | eng d
040 ## - FUENTE DE CATALOGACIÓN
Centro catalogador/agencia de origen CAM
Lengua de catalogación spa
Centro/agencia transcriptor CAM
100 1# - ENTRADA PRINCIPAL--NOMBRE DE PERSONA
Nombre de persona Ford, Richard,
Fechas asociadas al nombre 1796-1858
9 (RLIN) 138801
245 12 - MENCIÓN DEL TÍTULO
Título A handbook for travellers in Spain /
Mención de responsabilidad, etc. by Richard Ford.
250 ## - MENCION DE EDICION
Mención de edición 3rd. ed. entirery rev.
260 ## - PUBLICACIÓN, DISTRIBUCIÓN, ETC.
Lugar de publicación, distribución, etc. London :
Nombre del editor, distribuidor, etc. John Murray,
Fecha de publicación, distribución, etc. 1855 (
Fabricante William Clowes and Sons)
300 ## - DESCRIPCIÓN FÍSICA
Extensión 2 v. (995 p.) ;
Dimensiones 18 cm.
530 ## - NOTA DISPONIBLE DE FORMULARIO FÍSICO ADICIONAL
Nota de formato físico adicional disponible Disponible en formato digital.
651 #4 - PUNTO DE ACCESO ADICIONAL DE MATERIA--NOMBRE GEOGRÁFICO
Nombre geográfico España-
Subdivisión general Descripción-
Subdivisión cronológica S.XIX.
9 (RLIN) 8185
651 #4 - PUNTO DE ACCESO ADICIONAL DE MATERIA--NOMBRE GEOGRÁFICO
Nombre geográfico España-
Subdivisión general Usos y costumbres-
Subdivisión cronológica S.XIX.
9 (RLIN) 8521
852 ## - LOCALIZACIÓN
Ubicación ES-MaACL
Número de control de estantería R-1274-75
Encuadernación Olim: G-13283-84
856 ## - LOCALIZACIÓN Y ACCESO ELECTRÓNICOS
Identificador Uniforme de Recursos <a href="http://bdh-rd.bne.es/viewer.vm?id=0000000976&page=1 ">http://bdh-rd.bne.es/viewer.vm?id=0000000976&page=1 </a>
Nota pública Biblioteca Digital Hispánica
Holdings
Estatus retirado Estado de pérdida Estado de daño No para préstamo Colección Biblioteca de origen Biblioteca actual Ubicación en estantería Fecha de adquisición Fuente de adquisición Total de préstamos Signatura topográfica completa Código de barras Visto por última vez Precio de reemplazo Tipo de ítem Koha
        Colección digital Biblioteca del Ateneo de Madrid Biblioteca del Ateneo de Madrid Depósito 17/01/2008     R-1274-75 1057152 23/02/2023 23/02/2023 Libro impreso antiguo